Building materials and construction (Record no. 554351)
[ view plain ]
| 000 -LEADER | |
|---|---|
| fixed length control field | 00393nam a22001337a 4500 |
| 082 ## - DEWEY DECIMAL CLASSIFICATION NUMBER | |
| Classification number | 691 |
| Author Mark | MIS |
| -- | N-02,P-100 |
| 100 ## - MAIN ENTRY--PERSONAL NAME | |
| Personal name | Misra, Dr Anil Kumar |
| 9 (RLIN) | 51801 |
| 245 ## - TITLE STATEMENT | |
| Title | Building materials and construction |
| 260 ## - PUBLICATION, DISTRIBUTION, ETC. | |
| Place of publication, distribution, etc. | New Delhi, |
| Name of publisher, distributor, etc. | S Chand publishers, |
| Date of publication, distribution, etc. | 2017. |
| 300 ## - PHYSICAL DESCRIPTION | |
| Extent | xvi,366p. |
| Other physical details | ill. |
| Dimensions | 24cm. |
| 526 ## - STUDY PROGRAM INFORMATION NOTE | |
| Program name | 0 |
| Interest level | 0 |
| Reading level | 0 |
| Title point value | 691_000000000000000_MIS |
| 650 ## - SUBJECT ADDED ENTRY--TOPICAL TERM | |
| Topical term or geographic name entry element | Building Materials, |
| 942 ## - ADDED ENTRY ELEMENTS (KOHA) | |
| Source of classification or shelving scheme | |
| Koha item type | Book |
| Withdrawn status | Lost status | Source of classification or shelving scheme | Damaged status | Not for loan | Permanent Location | Current Location | Date acquired | Total Checkouts | Full call number | Barcode | Date last seen | Price effective from | Koha item type |
|---|---|---|---|---|---|---|---|---|---|---|---|---|---|
| Military College of Engineering (MCE) | Military College of Engineering (MCE) | 06/23/2020 | 691 MIS | MCE-51443 | 06/23/2020 | 06/23/2020 | Book |
